000 00333nam a2200133 i 4500
001 bg
100 1 _aMYINT, Tyn U.
245 0 _aPartial differential equations of mathematical physics /
_cTyn U. Myint.
260 _aNew York,
_c1973.
040 _cBPK
041 _apol
942 _cKS
008 s pl f |000 0 pol
999 _c27154
_d27154
856 _uhttp://koha.tu.koszalin.pl/cgi-bin/koha/opac-detail.pl?biblionumber=27154
_yKatalog online BPK